000
00317nam a2200133Ia 4500
008
240112s1983 xx 000 0 und d
022
_a
08151-7313-X
041
_a
eng
082
_a
616.05
100
_a
ROGERS D.E.
245
_a
YEAR BOOK OF MEDICINE
260
_b
YEAR BOOK OF MED.PUB.
_c
1983
300
_a
763,HB
999
_c
1140951
_d
1140951